000 00198 a2200097 4500
090 _c12552
_d12552
100 _aHansen A G
245 _aFluid Mechanics
260 _bJohn Wiley
942 _aNUST-CAE
999 _c372981
_d372981